| 000 | 01610cas a2200517 a 4500 | ||
|---|---|---|---|
| 001 | 11348439 | ||
| 003 | ASABt | ||
| 005 | 20180827062624.0 | ||
| 007 | t| | ||
| 008 | 871111d19882000ctugr 0 a0eng c | ||
| 010 | _a 88656250 | ||
| 016 | 7 | _2DNLM | |
| 016 | 7 |
_aSR0062269 _2DNLM |
|
| 016 | 7 |
_a009199028 _2Uk |
|
| 020 | _a81-8061-376-3 | ||
| 022 |
_y0734-9866 _21 |
||
| 035 | _a(OCoLC)ocm16965251 | ||
| 037 | _bAppleton & Lange, 25 Van Zant St. E. Norwalk, CT 06855 | ||
| 040 |
_aISUM _beng _cASAB _dDLC _dNST _dDNLM _dMH _dDLC _dNSDP _dOCoLC _dMiU _dNST _dWaU _dNST _dMH _dNBuU-H _dTxCM _dNL-LeOCL _dInU _dOCoLC _dCNMBL _dUKMGB _dTULIB _dOCLCF _dOCoLC |
||
| 042 |
_apcc _ansdp |
||
| 050 | 0 | 0 |
_aQP514 _b.R4 |
| 060 | 0 | 0 |
_aW1 _bHA593 |
| 082 | 0 | 0 |
_a612/.015 _219 |
| 100 |
_aby SM Raju / Bindu Madala _91653 |
||
| 210 | 0 | _abiochem. | |
| 222 | 0 | _aillustrated biochemistry | |
| 245 | 0 | 0 | _aIllustrated biochemistry. |
| 300 |
_a505 p. _billustrations ; _c26 cm |
||
| 310 | _aBiennial | ||
| 362 | 0 | _a21st ed. (1988)-25th ed. (2000). | |
| 590 | _aSERBIB/SERLOC merged record | ||
| 650 | 0 |
_aBiochemistry _91654 |
|
| 650 | 2 |
_aBiochemistry. _91655 |
|
| 650 | 2 |
_aMolecular Biology. _91656 |
|
| 650 | 4 |
_aBiochemistry. _91657 |
|
| 650 | 4 |
_aMolecular biology. _91658 |
|
| 650 | 6 |
_aBiochimie _91659 |
|
| 650 | 7 |
_aBiochemistry. _91660 |
|
| 650 | 1 | 7 |
_aBiochemie. _2gtt _91661 |
| 650 | 1 | 7 |
_aMedische chemie. _2gtt _91662 |
| 650 | 1 | 7 |
_aFysiologische chemie. _2gtt _91663 |
| 655 | 2 |
_aPeriodicals. _91664 |
|
| 655 | 7 |
_aPeriodicals. _2fast _91665 |
|
| 906 |
_a7 _bcbc _cserials _d2 _encip _f19 _gn-oclcserc |
||
| 942 |
_2ddc _cBK |
||
| 999 |
_c480044 _d480044 |
||